Statistics for Pictures Of Pokémon by bad description

Click here to take the quiz!

General Stats

  • This quiz has been taken 287 times
    (266 since last reset)
  • The average score is 19 of 20

Answer Stats

Answer% Correct
Mew
100%
Bulbasaur
96%
Charmander
96%
Eevee
96%
Flareon
96%
Mewtwo
96%
Pichu
96%
Pikachu
96%
Cubone
95%
Jolteon
95%
Lugia
95%
Squirtle
95%
Charizard
94%
Espeon
93%
Vulpix
92%
Vaporeon
91%
Mimikyu
90%
Munchlax
88%
Rowlet
85%
Reshiram
76%

Score Distribution

Percentile by Number Answered

Percent of People with Each Score

Your Score History

You have not taken this quiz since the last reset